| 000 | 00717nam a22002177a 4500 | ||
|---|---|---|---|
| 003 | 0 | ||
| 005 | 20250926131345.0 | ||
| 008 | 250926b xxu||||| |||| 00| 0 eng d | ||
| 020 | _a979-8-89161-634-9 | ||
| 050 |
_aHF 5415.1255 _b.K45 2025 |
||
| 100 |
_aKelly, Henry, _eauthor. |
||
| 245 |
_aInternational marketing management / _cHenry Kelly. |
||
| 260 |
_aJersey City, USA : _bAlexis Press, _c2025. |
||
| 300 |
_ax, 315 pages : _billustrations ; _c27 cm. |
||
| 504 | _aIncludes bibliographical references and index. | ||
| 650 | _aExport marketing. | ||
| 650 |
_aInternational business enterprises _xMarketing. |
||
| 650 |
_aMarketing _xManagement. |
||
| 650 |
_aInternational trade _xMarketing. |
||
| 942 |
_2lcc _cBK |
||
| 999 |
_c368107 _d368107 |
||